| 000 | 01105nam a2200241Ia 4500 | ||
|---|---|---|---|
| 003 | Ost | ||
| 005 | 20260507074901.0 | ||
| 008 | 260507s9999||||xx |||||||||||||| ||und|| | ||
| 020 | _a9957330675 | ||
| 040 | _cfsecg | ||
| 041 | _aara | ||
| 082 | _a332.6 | ||
| 100 |
_aحمودة، محمود محمد _eمؤلف |
||
| 245 | 0 |
_aالإستثمار والمعاملات المالية في الإسلام / _c محمود محمد حمودة |
|
| 260 |
_aعمان: _bمؤسسة الوراق للنشر والتوزيع, _c2006 |
||
| 300 |
_a233 صفحة؛ _bإيضاحات ؛ _c25 سم |
||
| 504 | _aمراجع ص.233 | ||
| 520 | _a المال والإستثمار، البيوع والمضاربة، القروض والرهن، الصرف والبيع والمعاملات، المعاملات المصرفية في الإسلام، الضرائب في الإسلام، المعاملات المالية غير المشروعة في الإسلام | ||
| 653 | _aالإستثمار | ||
| 653 | _aالإقتصاد الإسلامي | ||
| 653 | _aالمعاملات المالية | ||
| 942 | _cكتاب | ||
| 999 |
_c41655 _d41655 |
||